Documentos para la historia del constitucionalismo colombiano / (Registro nro. 3848)
[ vista simple ]
| 000 -LEADER | |
|---|---|
| fixed length control field | 01049nam a2200241Ia 4500 |
| 003 - CONTROL NUMBER IDENTIFIER | |
| control field | OSt |
| 005 - DATE AND TIME OF LATEST TRANSACTION | |
| control field | 20200803152424.0 |
| 008 - FIXED-LENGTH DATA ELEMENTS--GENERAL INFORMATION | |
| fixed length control field | 191128s2002 ck fr 000 0 spa d |
| 020 ## - INTERNATIONAL STANDARD BOOK NUMBER | |
| International Standard Book Number | 9586166570 |
| 040 ## - CATALOGING SOURCE | |
| Original cataloging agency | CO-JMCR |
| Transcribing agency | CO-JMCR |
| 041 0# - LANGUAGE CODE | |
| Language code of text/sound track or separate title | spa |
| 082 04 - DEWEY DECIMAL CLASSIFICATION NUMBER | |
| Classification number | 342.86 / |
| Item number | R436d |
| Edition number | 23 |
| 100 1# - MAIN ENTRY--PERSONAL NAME | |
| Personal name | Restrepo Piedrahita, Carlos, |
| Relator term | compilador |
| 9 (RLIN) | 442 |
| 245 10 - TITLE STATEMENT | |
| Title | Documentos para la historia del constitucionalismo colombiano / |
| Statement of responsibility, etc. | recopilación Carlos Restrepo Piedrahita |
| 250 ## - EDITION STATEMENT | |
| Edition statement | Primera edición |
| 260 ## - PUBLICATION, DISTRIBUTION, ETC. | |
| Place of publication, distribution, etc. | Bogotá : |
| Name of publisher, distributor, etc. | Universidad Externado de Colombia, |
| Date of publication, distribution, etc. | 2002 |
| 300 ## - PHYSICAL DESCRIPTION | |
| Extent | 315 páginas ; |
| Dimensions | 21 cm. |
| 490 0# - SERIES STATEMENT | |
| Series statement | Instituto de Estudios Constitucionales Carlos Restrepo Piedrahita ; |
| Volume/sequential designation | 3 |
| 505 0# - FORMATTED CONTENTS NOTE | |
| Formatted contents note | Bolívar constitucionalista -- La otra perspectiva -- Santander y la soberanía de la Nueva Granada -- Hipótesis y desgana de monarquía -- Vicente Azuero: ideólogo liberal -- Un caminante demócrata |
| 650 14 - SUBJECT ADDED ENTRY--TOPICAL TERM | |
| Topical term or geographic name entry element | Derecho constitucional |
| General subdivision | historia |
| Geographic subdivision | Colombia |
| 9 (RLIN) | 8264 |
| 651 #4 - SUBJECT ADDED ENTRY--GEOGRAPHIC NAME | |
| Geographic name | Colombia |
| General subdivision | historia constitucional |
| 9 (RLIN) | 7710 |
| 942 ## - ADDED ENTRY ELEMENTS (KOHA) | |
| Source of classification or shelving scheme | Dewey Decimal Classification |
| Koha item type | Books |
| Withdrawn status | Lost status | Source of classification or shelving scheme | Damaged status | Not for loan | Collection code | Home library | Current library | Date acquired | Source of acquisition | Full call number | Barcode | Date last seen | Copy number | Koha item type |
|---|---|---|---|---|---|---|---|---|---|---|---|---|---|---|
| Dewey Decimal Classification | Non-fiction | Biblioteca Pública José María del Castillo y Rada | Biblioteca Pública José María del Castillo y Rada | 03/09/2018 | Donación | 342.86 / R436d | 201808341 | 05/16/2024 | Ej.1 | Books |